Interactive Blackboard Architecture for Enterprise Planning /. (Record no. 537877)

000 -LEADER
fixed length control field 00488nam a22001457a 4500
020 ## - INTERNATIONAL STANDARD BOOK NUMBER
Qualifying information Hard Cover.
100 ## - MAIN ENTRY--PERSONAL NAME
Personal name Javed , Adnan
245 ## - TITLE STATEMENT
Title Interactive Blackboard Architecture for Enterprise Planning /.
Statement of responsibility, etc. Adnan Javed
260 ## - PUBLICATION, DISTRIBUTION, ETC.
Place of publication, distribution, etc. Islamabad :
Name of publisher, distributor, etc. CEME - NUST,
Date of publication, distribution, etc. 2016.
300 ## - PHYSICAL DESCRIPTION
Extent xiii, 97p. ill. ;
Dimensions 30cm.
650 ## - SUBJECT ADDED ENTRY--TOPICAL TERM
Topical term or geographic name entry element Computer Software Engieering-MS-Thesis.
700 ## - ADDED ENTRY--PERSONAL NAME
Personal name Dr. Farooque Azam.
942 ## - ADDED ENTRY ELEMENTS (KOHA)
Source of classification or shelving scheme
Koha item type Thesis
650 ## - SUBJECT ADDED ENTRY--TOPICAL TERM
-- 32947
700 ## - ADDED ENTRY--PERSONAL NAME
-- 17306
Holdings
Withdrawn status Lost status Source of classification or shelving scheme Damaged status Not for loan Permanent Location Current Location Shelving location Date acquired Total Checkouts Full call number Barcode Date last seen Price effective from Koha item type
          Central Library (CL) Central Library (CL) Thesis 10/20/2020   004 CL-T-513 10/20/2020 10/20/2020 Thesis
© 2023 Central Library, National University of Sciences and Technology. All Rights Reserved.